<?xml version="1.0" encoding="UTF-8"?>
<record
    xmlns:xsi="http://www.w3.org/2001/XMLSchema-instance"
    xsi:schemaLocation="http://www.loc.gov/MARC21/slim http://www.loc.gov/standards/marcxml/schema/MARC21slim.xsd"
    xmlns="http://www.loc.gov/MARC21/slim">

  <leader>00816nam a22002417a 4500</leader>
  <controlfield tag="001"> 54129 </controlfield>
  <controlfield tag="003">UA-OsUOA</controlfield>
  <controlfield tag="005">20220912103957.0</controlfield>
  <controlfield tag="007">ta</controlfield>
  <controlfield tag="008">20080526b un ||||| |||| 00| 0 ukr d</controlfield>
  <datafield tag="040" ind1=" " ind2=" ">
    <subfield code="a">UA-OsUOA</subfield>
    <subfield code="b">ukr</subfield>
    <subfield code="c">UA-OsUOA</subfield>
    <subfield code="d">UA-OsUOA</subfield>
  </datafield>
  <datafield tag="041" ind1=" " ind2=" ">
    <subfield code="a">ukr</subfield>
  </datafield>
  <datafield tag="080" ind1=" " ind2=" ">
    <subfield code="a">82-92</subfield>
  </datafield>
  <datafield tag="090" ind1=" " ind2=" ">
    <subfield code="a">82-92</subfield>
    <subfield code="b">&#x41D;12</subfield>
  </datafield>
  <datafield tag="245" ind1=" " ind2=" ">
    <subfield code="a">&#x41D;&#x430; &#x437;&#x431;&#x43E;&#x43B;&#x435;&#x43D;&#x438;&#x445; &#x43A;&#x440;&#x438;&#x43B;&#x430;&#x445; &#x43B;&#x44E;&#x431;&#x43E;&#x432;&#x456;</subfield>
    <subfield code="b">&#x445;&#x443;&#x434;&#x43E;&#x436;&#x43D;&#x44C;&#x43E;-&#x43F;&#x443;&#x431;&#x43B;&#x456;&#x446;&#x438;&#x441;&#x442;&#x438;&#x447;&#x43D;&#x430; &#x43F;&#x43E;&#x432;&#x456;&#x441;&#x442;&#x44C;</subfield>
    <subfield code="c">&#x443;&#x43F;&#x43E;&#x440;&#x44F;&#x434;. &#x421;. &#x41C;. &#x41B;&#x435;&#x43B;&#x44F;&#x445; </subfield>
  </datafield>
  <datafield tag="260" ind1=" " ind2=" ">
    <subfield code="a">&#x41D;&#x435;&#x442;&#x456;&#x448;&#x438;&#x43D;</subfield>
    <subfield code="c">2007</subfield>
    <subfield code="b">&#x421;&#x432;&#x438;&#x43D;&#x430;&#x440;&#x447;&#x443;&#x43A; &#x420;. &#x412;.</subfield>
  </datafield>
  <datafield tag="300" ind1=" " ind2=" ">
    <subfield code="a">704 &#x441;.</subfield>
    <subfield code="f">&#x456;&#x43B;.</subfield>
  </datafield>
  <datafield tag="650" ind1=" " ind2="7">
    <subfield code="a">82 &#x41B;&#x456;&#x442;&#x435;&#x440;&#x430;&#x442;&#x443;&#x440;&#x430;. &#x41B;&#x456;&#x442;&#x435;&#x440;&#x430;&#x442;&#x443;&#x440;&#x43E;&#x437;&#x43D;&#x430;&#x432;&#x441;&#x442;&#x432;&#x43E;</subfield>
    <subfield code="2">UDC</subfield>
  </datafield>
  <datafield tag="700" ind1="1" ind2=" ">
    <subfield code="a">&#x41B;&#x435;&#x43B;&#x44F;&#x445; &#x421;. &#x41C;.</subfield>
    <subfield code="e">&#x443;&#x43F;&#x43E;&#x440;&#x44F;&#x434;.</subfield>
  </datafield>
  <datafield tag="942" ind1=" " ind2=" ">
    <subfield code="c">BK</subfield>
    <subfield code="2">udc</subfield>
  </datafield>
  <datafield tag="955" ind1=" " ind2=" ">
    <subfield code="a">3</subfield>
  </datafield>
  <datafield tag="999" ind1=" " ind2=" ">
    <subfield code="c">340697</subfield>
    <subfield code="d">340697</subfield>
  </datafield>
  <datafield tag="952" ind1=" " ind2=" ">
    <subfield code="0">0</subfield>
    <subfield code="1">0</subfield>
    <subfield code="2">udc</subfield>
    <subfield code="4">0</subfield>
    <subfield code="7">0</subfield>
    <subfield code="a">101</subfield>
    <subfield code="b">101</subfield>
    <subfield code="d">2008-05-26</subfield>
    <subfield code="e">66/2008</subfield>
    <subfield code="g">28.00</subfield>
    <subfield code="i">113428</subfield>
    <subfield code="l">0</subfield>
    <subfield code="o">82-92 &#x41D;12</subfield>
    <subfield code="p">113428</subfield>
    <subfield code="r">2022-02-10 00:00:00</subfield>
    <subfield code="w">2008-05-26</subfield>
    <subfield code="y">BK</subfield>
  </datafield>
  <datafield tag="952" ind1=" " ind2=" ">
    <subfield code="0">0</subfield>
    <subfield code="1">0</subfield>
    <subfield code="2">udc</subfield>
    <subfield code="4">0</subfield>
    <subfield code="7">0</subfield>
    <subfield code="a">101</subfield>
    <subfield code="b">101</subfield>
    <subfield code="d">2009-01-28</subfield>
    <subfield code="e">19/2009</subfield>
    <subfield code="g">33.00</subfield>
    <subfield code="i">118894</subfield>
    <subfield code="l">0</subfield>
    <subfield code="o">82-92 &#x41D;12</subfield>
    <subfield code="p">118894</subfield>
    <subfield code="r">2022-02-10 00:00:00</subfield>
    <subfield code="w">2009-01-28</subfield>
    <subfield code="y">BK</subfield>
  </datafield>
  <datafield tag="952" ind1=" " ind2=" ">
    <subfield code="0">0</subfield>
    <subfield code="1">0</subfield>
    <subfield code="2">udc</subfield>
    <subfield code="4">0</subfield>
    <subfield code="7">0</subfield>
    <subfield code="a">101</subfield>
    <subfield code="b">101</subfield>
    <subfield code="d">2009-01-28</subfield>
    <subfield code="e">19/2009</subfield>
    <subfield code="g">33.00</subfield>
    <subfield code="i">118895</subfield>
    <subfield code="l">0</subfield>
    <subfield code="o">82-92 &#x41D;12</subfield>
    <subfield code="p">118895</subfield>
    <subfield code="r">2022-02-10 00:00:00</subfield>
    <subfield code="w">2009-01-28</subfield>
    <subfield code="y">BK</subfield>
  </datafield>
</record>
